00566nam a22001577a 450000500170000001000150001702000260003203500150005803700130007308200110008610000190009724500850011626000520020127000760025330000790032920221227143555.0 aENG-135950 a978934791000c1350.00 aEN-1194582 bDBAD/PUB a300.01 aSharma, Rajvir aPolitical philosophy of Kautilya:bThe arthashastra and after/cby Rajvir sharma aNew DelhibSage publication india pvt ltdc2022 aB1/1-1 Mohan cooprative industrial area mathura roadbNew Delhie110044 axiii, 284p. bConclusion, Bibliography, About the author, Indexc22cm(hbk)